000 00775cam a22002533a 4500
001 30854
003 PGUSA
005 20140828083652.0
008 100104s2010||||xxu|||||s|||||000 | eng d
040 _aPGUSA
_beng
042 _adc
050 4 _aMT
100 1 _aMiller, Frank E.
_q(Frank Ebenezer),
_d1859-1932
245 1 4 _aThe Voice :
_bIts Production, Care and Preservation
_h[electronic resource] /
_cFrank E. Miller
260 _bProject Gutenberg,
_c2010
506 _aPublic domain in the USA.
516 _aElectronic text
653 _aVoice -- Care and hygiene
653 _aSinging -- Instruction and study
700 1 _aKobbé, Gustav,
_d1857-1918
830 0 _aProject Gutenberg
_v30854
856 4 0 _uhttp://www.gutenberg.org/ebooks/30854
942 _cEB
999 _c260109
_d260109